<?xml version="1.0" encoding="UTF-8"?>
<record
    xmlns:xsi="http://www.w3.org/2001/XMLSchema-instance"
    xsi:schemaLocation="http://www.loc.gov/MARC21/slim http://www.loc.gov/standards/marcxml/schema/MARC21slim.xsd"
    xmlns="http://www.loc.gov/MARC21/slim">

  <leader>01094cam a2200253   4500</leader>
  <controlfield tag="001">sa 68015441 </controlfield>
  <controlfield tag="003">DLC</controlfield>
  <controlfield tag="005">20260227112643.0</controlfield>
  <controlfield tag="008">700413m19651966ii            000 0 eng  </controlfield>
  <datafield tag="010" ind1=" " ind2=" ">
    <subfield code="a">sa 68015441 </subfield>
  </datafield>
  <datafield tag="025" ind1=" " ind2=" ">
    <subfield code="a">PL480:I-E-6908</subfield>
  </datafield>
  <datafield tag="040" ind1=" " ind2=" ">
    <subfield code="a">DLC</subfield>
    <subfield code="c">DLC</subfield>
    <subfield code="d">DLC</subfield>
  </datafield>
  <datafield tag="050" ind1="0" ind2="0">
    <subfield code="a">TA104.P8</subfield>
    <subfield code="b">A5 1965</subfield>
  </datafield>
  <datafield tag="110" ind1="1" ind2=" ">
    <subfield code="a">Punjab, India (State).</subfield>
    <subfield code="b">Buildings and Roads, Irrigation, Public Health Branches and Capital Project.</subfield>
  </datafield>
  <datafield tag="245" ind1="1" ind2="0">
    <subfield code="a">Interim common schedule of rates in metric units.</subfield>
    <subfield code="c">Issued by the chief engineer, P.W.D., Buildings and Roads Branch.</subfield>
  </datafield>
  <datafield tag="250" ind1=" " ind2=" ">
    <subfield code="a">1st ed.</subfield>
  </datafield>
  <datafield tag="260" ind1=" " ind2=" ">
    <subfield code="a">Chandiragh,</subfield>
    <subfield code="b">Printed by the Controller of Print. and Stationery, Punjab,</subfield>
    <subfield code="c">1965-66.</subfield>
  </datafield>
  <datafield tag="300" ind1=" " ind2=" ">
    <subfield code="a">4 v. in 2.</subfield>
    <subfield code="c">33 cm.</subfield>
  </datafield>
  <datafield tag="500" ind1=" " ind2=" ">
    <subfield code="a">Cover title.</subfield>
  </datafield>
  <datafield tag="505" ind1="0" ind2=" ">
    <subfield code="a">v. 1. For works in plains.--v. 2. For works in hilly areas.--v. 3. For public works.--v. 4. Electric installation both for plains and hills.</subfield>
  </datafield>
  <datafield tag="650" ind1=" " ind2="0">
    <subfield code="a">Engineering</subfield>
    <subfield code="z">India</subfield>
    <subfield code="z">Punjab (State)</subfield>
    <subfield code="x">Costs.</subfield>
  </datafield>
  <datafield tag="650" ind1=" " ind2="0">
    <subfield code="a">Public works</subfield>
    <subfield code="z">India</subfield>
    <subfield code="z">Punjab.</subfield>
  </datafield>
  <datafield tag="710" ind1="1" ind2=" ">
    <subfield code="a">Punjab, India (State).</subfield>
    <subfield code="b">Public Works Department.</subfield>
    <subfield code="b">Buildings and Roads Branch.</subfield>
  </datafield>
  <datafield tag="999" ind1=" " ind2=" ">
    <subfield code="c">86454</subfield>
    <subfield code="d">86454</subfield>
  </datafield>
</record>
